000 00585nam a2200205 4500
003 OSt
005 20260601170954.0
008 260508b1955\\\\|||ad|||\||||\001\0\spa\d
040 _aICI
_bspa
_cICI
050 _aTH145
_bM38 1962
100 1 _aBarbarea Zetina, Fernando
_930305
245 1 _aMateriales y Procedimientos de CONSTRUCCION Tomo I
264 _bEditorial Herrero México
_c1955
_aMéxico
300 _a360 páginas
336 _atexto
_2rdacontent
337 _asin medio
_2rdamedia
338 _avolumen
_2rdacarrier
500 _aLibro de Referencia
942 _2lcc
_cB
_n1
999 _c19771
_d19771